Российское золото. Государственная и старательская добыча (1719-2007)

Dades bibliogràfiques
Autor principal: Лешков В. Г. Владимир Григорьевич
Sumari:Рассмотрены основные этапы развития золотопромышленного производства в Российской Империи, СССР и современной России с обобщением данных государственного учета о количестве золота, извлеченного из недр России и ее основных золотопромысловых районов за всю историю официальной добычи этого металла. Впервые приведены неизвестные ранее факты жизненного пути первооткрывателей залежей отечественного рудного (Ерофея Маркова) и россыпного (Льва Брускицына) золота. Кратко изложены главнейшие вехи истории открытия и промыслового освоения основных золотоносных районов на территории России, а также освещены современное состояние и основные результаты производственной деятельности золотопромышленного комплекса нынешней России. Книга предназначена для специалистов золотодобывающих предприятий, научной общественности, студентов горно-геологических специальностей и широкого круга читателей.
Idioma:rus
Publicat: Москва, Горная книга, 2008
Matèries:
Format: MixedMaterials Llibre
KOHA link:https://koha.lib.tpu.ru/cgi-bin/koha/opac-detail.pl?biblionumber=155073

MARC

LEADER 00000nam0a2200000 4500
001 155073
005 20231101221818.0
010 |a 9785986721125 
035 |a (RuTPU)RU\TPU\book\168207 
090 |a 155073 
100 |a 20090311d2008 km y0rusy50 ca 
101 0 |a rus 
102 |a RU 
105 |a a z 001zd 
200 1 |a Российское золото. Государственная и старательская добыча (1719-2007)  |f В. Г. Лешков 
210 |a Москва  |c Горная книга  |d 2008 
215 |a 207 с.  |c ил. 
320 |a Библиогр.: с. 204-205. 
330 |a Рассмотрены основные этапы развития золотопромышленного производства в Российской Империи, СССР и современной России с обобщением данных государственного учета о количестве золота, извлеченного из недр России и ее основных золотопромысловых районов за всю историю официальной добычи этого металла. Впервые приведены неизвестные ранее факты жизненного пути первооткрывателей залежей отечественного рудного (Ерофея Маркова) и россыпного (Льва Брускицына) золота. Кратко изложены главнейшие вехи истории открытия и промыслового освоения основных золотоносных районов на территории России, а также освещены современное состояние и основные результаты производственной деятельности золотопромышленного комплекса нынешней России. Книга предназначена для специалистов золотодобывающих предприятий, научной общественности, студентов горно-геологических специальностей и широкого круга читателей. 
600 1 |a Брусницын  |b Л. И.  |c русский первооткрыватель россыпного золота России  |f 1781-1857  |g Лев Иванович  |2 stltpush  |3 (RuTPU)RU\TPU\pers\24044  |9 10616 
606 1 |a Золото  |x Добыча  |x Организация труда  |2 stltpush  |3 (RuTPU)RU\TPU\subj\11856  |9 38743 
610 1 |a золотопромышленность 
610 1 |a история 
610 1 |a Россия 
610 1 |a 17 век 
610 1 |a 18 век 
610 1 |a 19 век 
610 1 |a 20 век 
610 1 |a 21 век 
610 1 |a рудное золото 
610 1 |a россыпное золото 
610 1 |a залежи 
610 1 |a первооткрыватели 
610 1 |a песок 
610 1 |a извлечение 
610 1 |a Сибирь 
610 1 |a Дальний Восток 
610 1 |a казна 
610 1 |a Советский Союз 
610 1 |a золотоносные работы 
610 1 |a горное дело 
675 |a 622.342(09)  |v 3 
700 1 |a Лешков  |b В. Г.  |g Владимир Григорьевич 
801 1 |a RU  |b 63413507  |c 20090311  |g PSBO 
801 2 |a RU  |b 63413507  |c 20150720  |g PSBO 
900 |a Государственное и региональное управление фондом недр 
942 |c BK 
959 |a 35/20090311  |d 2  |e 270,00  |f АНЛ:1  |f ЧЗТЛ:1